Monoclonal antibodies: (Record no. 23541)

MARC details
000 -LEADER
fixed length control field 01030nam a22002417a 4500
008 - FIXED-LENGTH DATA ELEMENTS--GENERAL INFORMATION
fixed length control field 090212t xxu||||| |||| 00| 0 eng d
010 ## - LCCN (DPL NO)
LC control number ENG-92951
020 ## - INTERNATIONAL STANDARD BOOK NUMBER
International Standard Book Number 8180940489
Terms of availability 300.00
020 ## - INTERNATIONAL STANDARD BOOK NUMBER
International Standard Book Number 9788180940484
Terms of availability 300.00
035 ## - SYSTEM CONTROL NUMBER
System control number EN-76484
035 ## - SYSTEM CONTROL NUMBER
System control number G-001282
037 ## - SOURCE OF ACQUISITION
Source of stock number/acquisition DBAD / PUB
040 ## - CATALOGING SOURCE
Original cataloging agency dpl
Language of cataloging English
082 ## - DEWEY DECIMAL CLASSIFICATION NUMBER
Classification number 616.0798
100 ## - MAIN ENTRY--PERSONAL NAME
Personal name Fathimunisa Begum
9 (RLIN) 34431
245 ## - TITLE STATEMENT
Title Monoclonal antibodies:
Remainder of title the hopeful drugs /
Statement of responsibility, etc by Fathimunisa Begum
260 ## - PUBLICATION, DISTRIBUTION, ETC. (IMPRINT)
Place of publication, distribution, etc Chennai
Name of publisher, distributor, etc MJP Publishers
Date of publication, distribution, etc 2008
300 ## - PHYSICAL DESCRIPTION
Extent xiv, 264p.
Other physical details ill.
Dimensions 24cm (pbk)
500 ## - GENERAL NOTE
General note Includes glossary and index
942 ## - ADDED ENTRY ELEMENTS (KOHA)
Source of classification or shelving scheme Dewey Decimal Classification
Item type English Books
Classification part 616.0798
Call number suffix FAT
Holdings
Withdrawn status Lost status Source of classification or shelving scheme Damaged status Not for loan Collection code Home library Current library Date acquired Source of acquisition Cost, normal purchase price Total Checkouts Full call number Barcode Date last seen Copy number Cost, replacement price Koha item type
    Dewey Decimal Classification   Not For Loan Non-fiction D.B.Act.Division D.B.Act.Division 12/02/2009 DBAD / PUB 300.00   616.0798 FAT EN-76484 12/02/2009 1 300.00 English Books
    Dewey Decimal Classification     Non-fiction Janak Puri Janak Puri 05/09/2011 bppd/gift 300.00 2 616.0798 FAT G-001282 16/08/2016 1 300.00 English Books

© Delhi Public Library
Hit Counter
free hit counter